000
00305nam a22001337a 4500
008
170201b xxu||||| |||| 00| 0 eng d
020
_a
9780763744373
041
_a
eng
080
_a
618.2
100
_a
2
101
_a
INF
245
_a
EVIDENCE-BASED PRACTICE FOR NURSES
_c
SCHMIDT, N.A
942
_2
udc
_c
BK
999
_c
4200
_d
4200